How to be a successful entrepreneur : (Record no. 23617)
[ view plain ]
| 000 -LEADER | |
|---|---|
| fixed length control field | 00608nam a2200181 a 4500 |
| 005 - DATE AND TIME OF LATEST TRANSACTION | |
| control field | 20140310183456.0 |
| 008 - FIXED-LENGTH DATA ELEMENTS--GENERAL INFORMATION | |
| fixed length control field | 091116s19uu xx 00 eng d |
| 020 ## - INTERNATIONAL STANDARD BOOK NUMBER | |
| International Standard Book Number | 9780749455149 |
| 050 ## - LIBRARY OF CONGRESS CALL NUMBER | |
| Classification number | HB 615 |
| Item number | .D78 2009 |
| 100 ## - MAIN ENTRY--PERSONAL NAME | |
| Personal name | Drummond, Helga |
| 245 ## - TITLE STATEMENT | |
| Title | How to be a successful entrepreneur : |
| Remainder of title | spot the opportunity, take a risk and build a brilliant business / |
| Statement of responsibility, etc | Helga Drummond. |
| 260 ## - PUBLICATION, DISTRIBUTION, ETC. (IMPRINT) | |
| Place of publication, distribution, etc | London : |
| Name of publisher, distributor, etc | KOGAN PAGE, |
| Date of publication, distribution, etc | 2009. |
| 300 ## - PHYSICAL DESCRIPTION | |
| Extent | 154 p. : |
| Dimensions | 23 cm. |
| 521 ## - TARGET AUDIENCE NOTE | |
| Target audience note | |
| 650 ## - SUBJECT ADDED ENTRY--TOPICAL TERM | |
| Topical term or geographic name as entry element | Entrepreneurship. 2. Decision making. 3. New Business Enterprices. |
| 942 ## - ADDED ENTRY ELEMENTS (KOHA) | |
| Koha item type | Books |
| Source of classification or shelving scheme | Library of Congress Classification |
| Call number prefix | Foreign |
| Withdrawn status | Lost status | Source of classification or shelving scheme | Damaged status | Home library | Current library | Shelving location | Date acquired | Source of acquisition | Cost, normal purchase price | Total Checkouts | Full call number | Barcode | Date last seen | Copy number | Price effective from | Koha item type |
|---|---|---|---|---|---|---|---|---|---|---|---|---|---|---|---|---|
| Library of Congress Classification | College Library | College Library | General Circulation Section | 11/16/2009 | 908.00 | HB 615 .D78 2009 | C10630 | 05/15/2018 | 1 | 10/18/2013 | Books |